000 00641nam a2200205 a 4500
003 PILC
005 20160215084104.0
008 110110s19uu xx 00 eng d
020 _a9780205008629
050 _aBF 713
_b.C887 2011
100 _aCrain, William.
245 _aTheories of development :
_bconcepts and applications /
_cWilliam Crain.
250 _a6th edition.
260 _aBoston :
_bPearson Education,
_c2011.
300 _a472 pages :
_billustrations ;
_c23 cm.
500 _aIncludes bibliographical references and index.
650 _aDevelopmental Psychology-Textbooks.
942 _cBK
_2lcc
_kFOR
999 _c24269
_d24269